[Event "ESP-chT Regional U14"]
[Site "Padron"]
[Date "2017.06.22"]
[Round "2.2"]
[White "Manterola Ubillos, Josu"]
[Black "Quintana Toribio, Felix"]
[Result "1/2-1/2"]
[WhiteElo "1674"]
[BlackElo "1529"]
[PlyCount "86"]
[EventDate "2017.06.22"]
[EventType "team"]
[EventRounds "6"]
[EventCountry "ESP"]
[SourceTitle "EXT 2018"]
[Source "ChessBase"]
[SourceDate "2017.10.13"]
[SourceVersion "1"]
[SourceVersionDate "2017.10.13"]
[SourceQuality "1"]
[WhiteTeam "Euskadi (U14)"]
[BlackTeam "Castilla y Leon (U14)"]
[WhiteTeamCountry "ESP"]
[BlackTeamCountry "ESP"]

1. e4 c5 2. c3 d5 3. exd5 Qxd5 4. d4 Nc6 5. Nf3 Bg4 6. Be2 e6 7. 0-0 Nf6 8. Be3 Be7 9. dxc5 Qxd1 10. Rxd1 Nd5 11. Bd4 Nf4 12. Bb5 f6 13. Be3 Nd5 14. Bd4 Rd8 15. b4 0-0 16. Bxc6 bxc6 17. Na3 e5 18. Re1 Bxf3 19. gxf3 Nxb4 20. Bxe5 Nd3 21. Bc7 Nxe1 22. Bxd8 Nxf3+ 23. Kg2 Rxd8 24. Kxf3 Rd3+ 25. Kg2 Rxc3 26. Re1 Kf7 27. Re3 Rxe3 28. fxe3 Bxc5 29. Nc4 Ke6 30. Kf3 Bb4 31. e4 g5 32. Kg4 Kf7 33. Kf5 h6 34. e5 fxe5 35. Nxe5+ Kg7 36. Nxc6 Bc5 37. Nd8 Be3 38. h3 Bb6 39. Nc6 Kf7 40. Ne5+ Kg7 41. Nc6 Kf7 42. Ne5+ Kg7 43. Nc6 Kf7 1/2-1/2

[Event "San Sebastian op 38th"]
[Site "San Sebastian"]
[Date "2015.03.30"]
[Round "4"]
[White "Manterola Ubillos, Josu"]
[Black "Martinez Fernandez, Adrian"]
[Result "0-1"]
[WhiteElo "1552"]
[BlackElo "1947"]
[PlyCount "96"]
[EventDate "2015.03.28"]
[EventType "swiss"]
[EventRounds "9"]
[EventCountry "ESP"]
[SourceTitle "CBM 165 Extra"]
[Source "ChessBase"]
[SourceDate "2015.04.21"]
[SourceVersion "1"]
[SourceVersionDate "2015.04.21"]
[SourceQuality "1"]

1. e4 c5 2. c3 d6 3. d4 Nf6 4. Bd3 Nc6 5. Ne2 g6 6. Be3 cxd4 7. cxd4 Bg7 8. 0-0 0-0 9. Nbc3 Nb4 10. Bc4 a6 11. a3 Nc6 12. Ba2 Bd7 13. d5 Na7 14. Nd4 Ng4 15. Bf4 Qb6 16. Nb3 Nb5 17. Na4 Qd8 18. f3 Ne5 19. Be3 Nc4 20. Bd4 Nxd4 21. Nxd4 Ne3 22. Qd3 Nxf1 23. Nc3 Qb6 24. Rd1 Bxd4+ 25. Qxd4 Qxd4+ 26. Rxd4 Ne3 27. Kf2 Nc2 28. Rd2 Na1 29. Rd1 Nc2 30. Bb3 Nxa3 31. bxa3 Rac8 32. Rc1 Rc5 33. Ke3 Rfc8 34. Kd2 b5 35. Na2 e5 36. Rc3 Kf8 37. g3 f5 38. Bc2 Ke7 39. Rxc5 Rxc5 40. Nb4 a5 41. Nd3 Rc8 42. Nf2 Kf6 43. f4 g5 44. fxe5+ Kxe5 45. Bd3 f4 46. gxf4+ gxf4 47. h3 Rg8 48. Ke2 Rg3 0-1